000 01066nam0a22002891 4500
001 rc\1129203
005 20250612174951.0
035 _a(NLR Aleph) 008763167
090 _a7877865
_c7877865
100 _a20041126d1981 |||y0rusy50 ca
101 0 _arus
102 _aRU
105 _aa |||||||||
200 1 _aЦифровая обработка речевых сигналов
_fПер. с англ. под ред. М.В. Назарова, Ю.Н. Прохорова
210 _aМ.
_cРадио и связь
_d1981
215 _a495 с.
_cил.
_d22
300 _aПеревод изд.: Digital processing of speech signals / Laurence R. Rabiner, Ronald W. Schafer (Englewood cliffs, N. J.)
320 _aБиблиогр.: с. 472-488
320 _aПредм. указ.: с. 489-491
700 1 _aРабинер
_bЛ.Р.
_gЛоуренс Р.
701 1 _aШафер
_bР.В.
_gРональд В.
801 0 _aRU
_bNLR
_gpsbo
801 1 _aRU
_bELAR
_2rusmarc
801 2 _aRU
_bNLR
_c20050427
_2rusmarc
852 _aNLR
_j82-5/598
942 _cBOOK
980 _aNB